| 000 | 00726cam a22002291a 4500 | ||
|---|---|---|---|
| 001 | 7936255 | ||
| 005 | 20180115075328.0 | ||
| 008 | 720512r19561899nyu 000 0 eng | ||
| 010 | _a 57000401 | ||
| 020 | _a0486201120 | ||
| 035 | _a(OCoLC)307445 | ||
| 040 |
_aDLC _cGACCLC _dOCoLC _dOCoC-L _dDLC |
||
| 041 | 1 | _aengger | |
| 080 | _a901 | ||
| 082 | _a901 HEG | ||
| 100 | 1 | _a16 | |
| 101 | _aHIS | ||
| 240 | 1 | 0 |
_aVorlesungen über die Philosophie der Geschichte. _lEnglish |
| 245 | 1 | 4 |
_aThe philosophy of history / _cGeorg Wilhelm Friedrich Hegel ; prefaces by Charles Hegel and the translator, J. Sibree ; a new introduction by C.J. Friedrich. |
| 906 |
_a7 _bcbc _coclcrpl _du _encip _f19 _gy-gencatlg |
||
| 942 |
_2ddc _cBK |
||
| 999 |
_c40293 _d40293 |
||